[Event "First Saturday 2009 may FM-B"]
[Site "Budapest"]
[Date "2009.05.10"]
[Round "9"]
[White "Klein, Rafael"]
[Black "Juhasz, Armin"]
[Result "0-1"]
[WhiteElo "1617"]
[BlackElo "1828"]
[PlyCount "90"]
[EventDate "2009.05.02"]

1. e4 c6 2. d4 d5 3. exd5 cxd5 4. Bd3 Nc6 5. c3 Nf6 6. Nf3 Bg4 7. h3 Bh5 8. g4
Bg6 9. Rg1 e6 10. Bg5 Be7 11. h4 a6 12. Ne5 Bxd3 13. Qxd3 h6 14. Bxf6 Bxf6 15.
Nxf7 Kxf7 16. h5 Ke7 17. Qe2 Kd7 18. Rg3 Qc7 19. Re3 Rae8 20. Nd2 Bg5 21. Rf3
Rhf8 22. O-O-O Rxf3 23. Qxf3 Qf4 24. Qd3 Qxf2 25. Rf1 Qxd2+ 26. Qxd2 Bxd2+ 27.
Kxd2 Ke7 28. Ke3 Rf8 29. Rxf8 Kxf8 30. Kf4 Kf7 31. g5 hxg5+ 32. Kxg5 Ne7 33. h6
gxh6+ 34. Kxh6 Nf5+ 35. Kg5 Ne3 36. a4 Nd1 37. b4 Nxc3 38. a5 Na2 39. Kf4 Kf6
40. b5 axb5 41. Kf3 Nb4 42. Ke3 Nc6 43. Kd3 Nxa5 44. Kc3 Kf5 45. Kb4 Nc6+ 0-1